000 00291nam a22000977a 4500
008 171023b xxu||||| |||| 00| 0 eng d
100 _aRothschild, Sigmund
245 _aThe ABC stamp book and album
260 _aNew York
_bPlatt & Munk Co.
_c1933
650 _aCollecting -- Arrangement and Mounting
999 _c2529
_d2529